Repeat cheese - Statistics

General Stats
  • This quiz has been taken 18 times
  • The average score is 16 of 16
Answer Stats
Hint Answer % Correct
Cheese Cheese
100%
Cheese Cheese
100%
Cheese Cheese
100%
Cheese Cheese
100%
Cheese Cheese
100%
Cheese Cheese
100%
Cheese Cheese
100%
Cheese Cheese
100%
Cheese Cheese
100%
Cheese Cheese
100%
Cheese Cheese
100%
Cheese Cheese
100%
Cheese Cheese
100%
Cheese Cheese
100%
Cheese Cheese
93%
Cheesy Cheesy
71%
No matching quizzes found
Score Distribution
Percent of People with Each Score
Percentile by Number Answered
Your Score History
You have not taken this quiz